000
00304nam a22001337a 4500
008
170424b xxu||||| |||| 00| 0 eng d
020
_a
9780176114213
041
_a
eng
080
_a
573
100
_a
11
101
_a
SHM
245
_a
CELLS TISSUES ORGANS AND SYSTEM
_c
RITTER.B
942
_2
udc
_c
BK
999
_c
11594
_d
11594